1848 1931 1467 1746 1656 1828 1853 1704 1893 1334 1877 1322 1885 1255 1836 1690 1746 1003 1245 1161 1043 1362 1881 1743 1953 1129 1792 1194 1504 1972 1209 1021 1281 1167 1775 1427 1317 1714 1856 1972 1533 1638 1552 1001 1282 1394 1633 1447 1441 1440 1944 1033 1657 1458 1203 1320 1530 1060 1790 1137 1034 1564 1949 1581 1625 1606 1890 1828 1386 1058 1715 1325 1337 1326 1448 1199 1996 1149 1773 1334 1753 1966 1579 1187 1079 1553 1626 1038 1264 1089 1828 1194 1051 1768 1074 1222 1040 1468 1983 BCNSPRNW ULIB Ver.6.0+V

เปลี่ยนเป็นภาษาไทย

Change to English
 แสดงรายละเอียดบรรณานุกรม
  กลับหน้าหลัก

Brief Record : Get Marc (ISO 2709) : E-mail record : QR code < ปิดหน้าต่าง
LEADER : 00000nam 2200000uu 4500
001    13399125824
003     ULIB
008    020711s2017 th a 000 0 eng d
020    ^a9781496349620
060    ^aWQ200^bB-D
100    ^aBriggs, Gerald G.
245    ^aDrugs in Pregnancy and Lactation/^cBriggs, Gerald G.
250    ^a11st ed
260    ^aPhiladelphia :^bWolters Kluwer,^c2017
300    ^a1646 pages;^b30 cm
650    ^aPregnancy-Drugs^xLactation
945    ^p3425^l0^i003205
999    ^aประนอม เกษจรัล
รายการนี้ยังไม่มีแท็ก
คุณยังไม่ได้ล็อกอิน คุณสามารถมีกิจกรรมร่วมกับเว็บไซต์ได้ แต่ต้องล็อกอินก่อน ::
  ล็อกอิน

รายการสื่อสารสนเทศ

ลำดับที่ ประเภท เลขเรียก/บาร์โค้ด สถานที่ สถานะ
1. หนังสือสำรอง
หนังสือสำรอง
WQ200 B-D ฉ.1 
  Barcode: 003205
ห้องสมุดวิทยาเขตสวรรค์ประชารักษ์
►หนังสือทั่วไป
บนชั้น

รายการใกล้เคียง
    ผู้แต่ง [Briggs, Gerald G.]

BibComment


ยังไม่เคยถูกคอมเมนท์

คอมเมนท์ทรัพยากรรายการนี้
  คอมเมนท์: Drugs in Pregnan..


 Copyright 2026. Bcnsprnw @Library